000 00185 a2200097 4500
020 _a9780822566298
041 _aspa
100 _aSandra Markle
245 _aLos Cocodrilos
942 _cBK
999 _c14138
_d14138